[Event "RSA-chT U16"]
[Site "Cape Town"]
[Date "2016.01.07"]
[Round "7.1"]
[White "Bekker, Gerhardus Daniel"]
[Black "Silas, Michael"]
[Result "1/2-1/2"]
[WhiteElo "1160"]
[BlackElo "1212"]
[PlyCount "76"]
[EventDate "2016.01.04"]
[EventType "team-tourn"]
[EventRounds "7"]
[EventCountry "RSA"]
[SourceTitle "CBM 170 Extra"]
[Source "ChessBase"]
[SourceDate "2016.02.25"]
[SourceVersion "1"]
[SourceVersionDate "2016.02.25"]
[SourceQuality "1"]
[WhiteTeam "Kenneth Kaunda"]
[BlackTeam "Sedibeng"]
[WhiteTeamCountry "RSA"]
[BlackTeamCountry "RSA"]

1. e4 e5 2. Nf3 Nc6 3. Bc4 Nf6 4. d3 Bc5 5. Nc3 Na5 6. Bb3 Nxb3 7. axb3 d6 8. h3 h6 9. 0-0 c6 10. Bd2 0-0 11. Qc1 Kh7 12. Ne2 d5 13. Ng3 dxe4 14. dxe4 Ng8 15. b4 Bd6 16. c3 Re8 17. Rd1 Qc7 18. Be3 Be6 19. Qd2 Red8 20. Qc2 b6 21. Rd2 Rd7 22. Rad1 Rad8 23. Qa4 Bc4 24. Qc2 b5 25. b3 Be6 26. Ra1 Qb8 27. Rad1 Ne7 28. Nh4 g6 29. Nf3 Bc7 30. Nf1 Qc8 31. Rxd7 Rxd7 32. Rxd7 Qxd7 33. Bxa7 Bxh3 34. Ng3 Be6 35. Be3 f5 36. exf5 Nxf5 37. Ne4 Qe7 38. Bc5 Qd8 1/2-1/2